| 000 | 00544cam a2200217 4500 | ||
|---|---|---|---|
| 001 | B2843 | ||
| 008 | 090401t1989 xxu||||| |||| 00| 0 eng d | ||
| 035 | _a(Sirsi) u52502 | ||
| 041 | _aeng | ||
| 050 | _a658.99 | ||
| 100 | _aFellows, R.F. | ||
| 245 | 4 | _aThe management of risk | |
| 260 |
_aAscot,Berks _bChartered Institute of Building _c1989 |
||
| 300 | _a6p. ; 30cm. | ||
| 350 | _a0 | ||
| 490 |
_aTechnical Information Service _v111 |
||
| 650 | _aBUILDING INDUSTRY | ||
| 650 | _aRISK MANAGEMENT | ||
| 942 | _n0 | ||
| 948 | _c04/03/1997 | ||
| 999 |
_c93092 _d93092 |
||